00349 a2200121 450000500170000002000180001708200200003510000180005524500460007326000340011930000590015370000150021220250602101632.0 a9976-78-005-2 aLECT 657.48 LYA aLYANGA.J. M.  aFinancial accounting 1: Student's manual. aDar es Salaam, bNBAA,c2000. axii, 164p.: ill.; figure, table. bReference, c30cm.  aTULLI, M.